00854 2200265 4500001002100000005001500021035002000036007000300056008003900059040001700098100004200115245012600157300004200283041000800325082002000333084003100353090002600384264006000410336002100470337003000491338002300521650001200544850001000556990002200566INLIS00000000001428420260615092345 a0010-0626000082ta260615 | | |  aSBPUPADbind tBunga Rampai ASN Pemko Padang Menulis aBungai Rampai ASN Pemko Padang Menulis Empat Dari Chengdu Ke Padang Perjalanan Menuju Kota Gastronomi /cBunga Rampai Asn a1 Berkas Komputer :billus ;c1,62 MB bind a900.598 138 009 a[23] 900.598 138 009 BUN b a900.598 138 009 BUN b aPadang :bPerpustakaan Dan Kearsipan Kota Padang,c2004 2rdacontentateks 2rdamediaatanpa perantara 2rdacarrieraBerkas 4aSejarah aPUPAD a000.04/B/DPK/2026